Chicken soup for the teen soul : (Record no. 302000)

MARC details
000 -LEADER
fixed length control field 00918nam a2200301 a 4500
001 - CONTROL NUMBER
control field vtls000345178
003 - CONTROL NUMBER IDENTIFIER
control field NLI
005 - DATE AND TIME OF LATEST TRANSACTION
control field 20210602164153.0
008 - FIXED-LENGTH DATA ELEMENTS--GENERAL INFORMATION
fixed length control field 110113s2008 ii a e 000 0 eng
020 ## - INTERNATIONAL STANDARD BOOK NUMBER
International Standard Book Number 9788189975821 (pbk)
Terms of availability Rs.275.00
039 #9 - LEVEL OF BIBLIOGRAPHIC CONTROL AND CODING DETAIL [OBSOLETE]
-- 201101131936
-- VLOAD
040 ## - CATALOGING SOURCE
Original cataloging agency NLI :
Language of cataloging eng
Transcribing agency NLMARC21
041 0# - LANGUAGE CODE
Language code of text/sound track or separate title eng
044 ## - COUNTRY OF PUBLISHING/PRODUCING ENTITY CODE
MARC country code ii
082 04 - DEWEY DECIMAL CLASSIFICATION NUMBER
Classification number 158.1280835
Edition number 22
245 00 - TITLE STATEMENT
Title Chicken soup for the teen soul :
Remainder of title real-life stories by real teens/
Statement of responsibility, etc. [edited by] Jack Canfield ... [et al.]
260 ## - PUBLICATION, DISTRIBUTION, ETC.
Place of publication, distribution, etc. Chennai :
Name of publisher, distributor, etc. Westland,
Date of publication, distribution, etc. 2008
300 ## - PHYSICAL DESCRIPTION
Extent xxi, 321 p. :
Other physical details ill.;
Dimensions 22 cm.
650 #0 - SUBJECT ADDED ENTRY--TOPICAL TERM
Topical term or geographic name entry element Short stories, English
9 (RLIN) 788
700 1# - ADDED ENTRY--PERSONAL NAME
Personal name Canfield, Jack,
Dates associated with a name 1944-
9 (RLIN) 298987
887 ## - NON-MARC INFORMATION FIELD
Content of non-MARC field S. Sannigrahi
901 ## - LOCAL DATA ELEMENT A, LDA (RLIN)
a DB 107930
b 14.01.09
902 ## - LOCAL DATA ELEMENT B, LDB (RLIN)
a E 158.1280835 C 432
904 ## - LOCAL DATA ELEMENT D, LDD (RLIN)
a S. Sannigrahi
949 ## - LOCAL PROCESSING INFORMATION (OCLC)
-- VIRTUAITEM
-- 10000
-- 100
6 DBA000107930ENG
942 ## - ADDED ENTRY ELEMENTS (KOHA)
Source of classification or shelving scheme Dewey Decimal Classification
Koha item type Books
Holdings
Withdrawn status Lost status Damaged status Not for loan Collection code Home library Current library Shelving location Date acquired Total Checkouts Full call number Barcode Date last seen Price effective from Koha item type
        New English National Library of India National Library of India New English - Main Stack Division     E 158.1280835 C 432 DBA000107930ENG 02/06/2021 02/06/2021 Books
                                                                           
web counter

Copyright ©2020 The National Library of India, Govt. of India ↔ Hosted by NVLI, MOC ↔ Technology and Design by National Library of India, Ministry of Culture, Govt. of India